00820 2200265 4500001002100000005001500021035002500036090001800061245014700079260003700226300004500263008004100308082001400349084001600363100002100379500003000400650003700430700002000467700001000487700001000497040001700507041000800524990001100532990001100543YOGYA00000000004907520180830094318 a0010-081400000048793 aL 910.4 JOH u1 aThe upsurge of China /cby Hewlett Johnson ; aided by the diaries and drawings of Nowell Johnson, his wife, and Kezia and Keren, his daughters3 aPeking :bNew World Press,c1961 a372 halaman :bilustrasi ; peta ;c20 cm180830 g 0 eng 04223a910.4 a910.4 JOH u1 aJohnson, Hewlett aTeks dalam bahasa Inggris 4aDeskripsi dan perjalanan -- Cina3 aJohnson, Nowell0 aKezia0 aKeren aYOPDYOGbind0 aeng a5813-b a5813-b